Uplatňovanie duálneho vzdelávania na Slovensku (právno-ekonomický pohľad) bakalárska práca
Na minha lista:
| Autor principal: | |
|---|---|
| Corporate Authors: | , |
| Outros Autores: | |
| Formato: | Livro |
| Idioma: | eslovaco |
| Publicado em: |
Bratislava
2018
|
| Tags: |
Sem tags, seja o primeiro a adicionar uma tag!
|
MARC
| LEADER | 00000nbm a2200000 4500 | ||
|---|---|---|---|
| 001 | 0245972 | ||
| 005 | 20181214122821.4 | ||
| 041 | 0 | |a slo | |
| 044 | |a SK | ||
| 245 | 1 | 0 | |a Uplatňovanie duálneho vzdelávania na Slovensku (právno-ekonomický pohľad) |b bakalárska práca |c Nina Petríková ; školiteľ: Zdenka Poláková |
| 264 | 1 | |a Bratislava |c 2018 | |
| 300 | |a 53 s. | ||
| 100 | 1 | |a Petríková, Nina | |
| 700 | 1 | |a Poláková, Zdenka | |
| 710 | 2 | |a Ekonomická univerzita v Bratislave. Národohospodárska fakulta | |
| 710 | 2 | |a Univerzita Komenského v Bratislave. Právnická fakulta | |